| 000 | 00851nam a22002777a 4500 | ||
|---|---|---|---|
| 003 | 0 | ||
| 005 | 20180724153116.0 | ||
| 008 | 0 | ||
| 010 | _aA-770253 | ||
| 020 | _c100.00 | ||
| 035 | _aA-770253, A-770254 | ||
| 037 | _bCen Lib/Ret | ||
| 040 |
_aDPL _bEN _c0 |
||
| 082 |
_a364.15 _bFUR |
||
| 100 |
_aFuriati, Claudia _980469 |
||
| 245 |
_aZR rifle : _cby Claudia Furiati; translated by Maxine Shaw _bthe polt to kill kennedy and castro / |
||
| 250 | _a2nd ed | ||
| 260 |
_aCalcutta _bNational Book Agency _c1995 |
||
| 270 |
_bCalcutta _a12, Bankim Chatterji Street _e700073 |
||
| 300 |
_a183p. _c20cm(Hb) |
||
| 500 | _aIncludes bibliographical references and index | ||
| 650 |
_aUS authorities _980470 |
||
| 650 |
_aIntelligence agencies _980471 |
||
| 700 |
_aShaw, Maxine _915785 |
||
| 942 |
_2ddc _cEN _h364.15 _mFUR |
||
| 999 |
_c125865 _d125865 |
||